Arsenal FC Squad 2009-2010 - Statistics

General Stats
  • This quiz has been taken 21 times
  • The average score is 21 of 34
Answer Stats
# Position Nation Player % Correct
23 FW Russia Andrey Arshavin
100%
7 MF Czech Republic Tomáš Rosický
93%
16 MF Wales Aaron Ramsey
87%
- Coach France Arsène Wenger
87%
4 MF Spain Cesc Fàbregas
87%
11 FW Netherlands Robin van Persie
87%
17 MF Cameroon Alex Song
80%
52 FW Denmark Nicklas Bendtner
80%
14 FW England Theo Walcott
80%
2 MF France Abou Diaby
73%
3 DF France Bacary Sagna
73%
12 FW Mexico Carlos Vela
73%
21 GK Poland Łukasz Fabiański
73%
1 GK Spain Manuel Almunia
73%
8 MF France Samir Nasri
73%
10 DF France William Gallas
73%
22 DF France Gaël Clichy
67%
19 MF England Jack Wilshere
67%
5 DF Belgium Thomas Vermaelen
67%
27 DF Ivory Coast Emmanuel Eboué
60%
6 DF Switzerland Philippe Senderos
60%
15 MF Brazil Denílson
53%
9 FW Croatia Eduardo
53%
20 DF Switzerland Johan Djourou
53%
53 GK Poland Wojciech Szczęsny
53%
28 DF England Kieran Gibbs
47%
18 DF France Mikaël Silvestre
40%
24 GK Italy Vito Mannone
40%
30 DF Senegal Armand Traoré
27%
37 MF England Craig Eastmond
20%
32 MF Spain Fran Mérida
20%
42 DF England Kerrea Gilbert
20%
31 DF England Sol Campbell
20%
48 MF England Mark Randall
13%
No matching quizzes found
Score Distribution
Percent of People with Each Score
Percentile by Number Answered
Your Score History
You have not taken this quiz